| 000 | 00000nam 2200000zi 4500 |
| 001 | 9.879441 |
| 003 | CaOODSP |
| 005 | 20221107165519 |
| 006 | m go d f |
| 007 | cr |n||||||||| |
| 008 | 190919e201210##onc o f000 0 eng d |
| 020 | |a9781100166452 |
| 040 | |aCaOODSP|beng|erda|cCaOODSP |
| 043 | |an-cn--- |
| 086 | 1 |aHS4-104/2010E-PDF |
| 245 | 00|aAudit of Section 34 of the Financial Administration Act : |baudit report. |
| 264 | 1|a[Ottawa] : |bHuman Resources and Skills Development Canada = Ressources humaines et Développement des compétences Canada, |cOctober 2012. |
| 300 | |a1 online resource (iii, 20 pages) |
| 336 | |atext|btxt|2rdacontent |
| 337 | |acomputer|bc|2rdamedia |
| 338 | |aonline resource|bcr|2rdacarrier |
| 500 | |aIssued also in French under title: Vérification de l’attestation en vertu de l’article 34 de la Loi sur la gestion des finances publiques : rapport de vérification. |
| 500 | |a"Project Number: 17029/10-11." |
| 520 | |a"The audit objective was to provide assurance that account verification and certification under Section 34 of the FAA is performed in a consistent, effective and efficient manner for Goods and Services (G&S) and Grants and Contributions (G&C) expenditures"--Executive summary, page i. |
| 692 | 07|2gccst|aAudit |
| 692 | 07|2gccst|aFinancial management |
| 710 | 1 |aCanada. |bHuman Resources and Skills Development Canada. |
| 775 | 08|tVérification de l’attestation en vertu de l’article 34 de la Loi sur la gestion des finances publiques : |w(CaOODSP)9.879443 |
| 856 | 40|qPDF|s352 KB|uhttps://publications.gc.ca/collections/collection_2019/edsc-esdc/HS4-104-2010-eng.pdf |
| 986 | |aCA-590-08-10E |